000 00288nam a22001217a 4500
008 160503b xxu||||| |||| 00| 0 eng d
020 _a9780899707488
020 _a0899707483
041 _aeng
080 _a61
245 _aThe health care almanac;
_c Lorri A. Zipperer;
942 _2udc
_cBK
999 _c1741
_d1741